[Event "World Rapid 2023"]
[Site "Samarkand UZB"]
[Date "2023.12.28"]
[EventDate "2023.12.26"]
[Round "13.20"]
[Result "1-0"]
[White "Hans Moke Niemann"]
[Black "Ortik Nigmatov"]
[WhiteElo "2667"]
[BlackElo "2439"]
[PlyCount "92"]

1. d4 Nf6 2. c4 e6 3. Nf3 d5 4. g3 Bb4+ 5. Bd2 Be7 6. Bg2 O-O 7. O-O c6 8. Qc2
a5 9. Rd1 Nbd7 10. Bf4 Nh5 11. Bc1 Nhf6 12. Nbd2 b5 13. c5 e5 14. Nxe5 Nxe5 15.
dxe5 Nd7 16. Nf3 Bxc5 17. Ng5 g6 18. e6 fxe6 19. Nxe6 Qf6 20. Nxf8 Qxf2+ 21. Kh1
Nxf8 22. Rf1 Bf5 23. Rxf2 Bxc2 24. Rf6 Rc8 25. Bh6 Bd4 26. Rxf8+ Rxf8 27. Bxf8
Kxf8 28. Rc1 Bf5 29. Rxc6 Bxb2 30. Bxd5 b4 31. Ra6 Ke7 32. Rxa5 Kd6 33. e4 Bd7
34. Kg2 Bc3 35. Ra6+ Ke5 36. Ra7 Kd6 37. Kf3 g5 38. Ra6+ Ke5 39. Rh6 g4+ 40. Kg2
Bb5 41. Rxh7 Be2 42. h3 Bf3+ 43. Kh2 gxh3 44. Kxh3 Bxe4 45. Bxe4 Kxe4 46. g4 Kd5 1-0

[Event "World Rapid 2023"]
[Site "Samarkand UZB"]
[Date "2023.12.28"]
[EventDate "2023.12.26"]
[Round "13.21"]
[Result "1/2-1/2"]
[White "Sergey Grigoriants"]
[Black "Shant Sargsyan"]
[WhiteElo "2544"]
[BlackElo "2634"]
[PlyCount "46"]

1. e4 e5 2. Nf3 Nc6 3. Bc4 Nf6 4. d3 Bc5 5. Nc3 h6 6. O-O O-O 7. a3 a6 8. Be3 d6
9. h3 Re8 10. b4 Bxe3 11. fxe3 Be6 12. Bxe6 Rxe6 13. Nd5 Ne7 14. c4 Ng6 15.
Nxf6+ Rxf6 16. Qd2 c6 17. d4 exd4 18. exd4 Rf4 19. Rae1 Qe7 20. Qd3 Re8 21. e5
dxe5 22. Nxe5 Rxf1+ 23. Qxf1 Nxe5 1/2-1/2

[Event "World Rapid 2023"]
[Site "Samarkand UZB"]
[Date "2023.12.28"]
[EventDate "2023.12.26"]
[Round "13.23"]
[Result "0-1"]
[White "Aleksandar Indjic"]
[Black "Levon Aronian"]
[WhiteElo "2589"]
[BlackElo "2723"]
[PlyCount "68"]

1. c4 Nf6 2. Nc3 e5 3. Nf3 Nc6 4. e3 Bb4 5. Qc2 Bxc3 6. bxc3 O-O 7. d3 d6 8. Be2
Ne8 9. c5 d5 10. c4 d4 11. Rb1 Nf6 12. exd4 exd4 13. O-O Re8 14. Re1 Bg4 15. Bf4
Nd7 16. h3 Bh5 17. Qb2 Nxc5 18. Qb5 Bxf3 19. Bxf3 Rxe1+ 20. Rxe1 Nxd3 21. Bg5 f6
22. Bd5+ Kh8 23. Re6 fxg5 24. Qxb7 Nc5 25. Qxc6 Nxe6 26. Qxa8 Qxa8 27. Bxa8 g6
28. Kf1 Kg7 29. Ke2 Kf6 30. Kf3 Ke5 31. Bd5 Nf4 32. Bg8 h5 33. c5 Nd3 34. c6
Ne1+ 0-1

[Event "World Rapid 2023"]
[Site "Samarkand UZB"]
[Date "2023.12.28"]
[EventDate "2023.12.26"]
[Round "13.24"]
[Result "1-0"]
[White "Shamsiddin Vokhidov"]
[Black "Shakhriyar Mamedyarov"]
[WhiteElo "2596"]
[BlackElo "2723"]
[PlyCount "104"]

1. e4 e5 2. Nf3 Nc6 3. Bb5 a6 4. Ba4 Nf6 5. O-O Nxe4 6. d4 b5 7. Bb3 d5 8. dxe5
Be6 9. Be3 Be7 10. c3 Qd7 11. Nbd2 Nxd2 12. Qxd2 Na5 13. Nd4 c5 14. Nxe6 fxe6
15. Bc2 Nc4 16. Qe2 O-O 17. Bc1 Rf7 18. a4 Raf8 19. axb5 axb5 20. Bd3 Qc7 21. f4
Na5 22. Bc2 c4 23. Kh1 b4 24. Qg4 bxc3 25. Qxe6 d4 26. bxc3 d3 27. Bd1 Kh8 28.
Qa6 Nb3 29. Bxb3 cxb3 30. Qxd3 Qxe5 31. Rb1 Qe6 32. Qb5 Bf6 33. Qxb3 Qxb3 34.
Rxb3 Rc8 35. Bb2 h6 36. g3 Rd7 37. Rf2 Rd3 38. Rc2 Rd1+ 39. Kg2 Rb1 40. Kf3 Kh7
41. Ke3 Kg6 42. Kf3 Rf1+ 43. Kg2 Rb1 44. Ra3 Rd8 45. Ra1 Rxa1 46. Bxa1 Kf5 47.
Kf3 Rd3+ 48. Ke2 Ke4 49. Ra2 Re3+ 50. Kf2 Kd3 51. c4 Be7 52. Bxg7 1-0

[Event "World Rapid 2023"]
[Site "Samarkand UZB"]
[Date "2023.12.28"]
[EventDate "2023.12.26"]
[Round "13.25"]
[Result "0-1"]
[White "Ter-Sahakyan, Samvel"]
[Black "Teimour Radjabov"]
[WhiteElo "2643"]
[BlackElo "2723"]
[PlyCount "92"]

1. e4 e5 2. Nf3 Nc6 3. Bc4 Bc5 4. c3 Nf6 5. d3 a6 6. O-O O-O 7. d4 Ba7 8. dxe5
Nxe4 9. Bd5 Nc5 10. Bg5 Qe8 11. Re1 Ne7 12. c4 h6 13. Bf4 Ng6 14. Be3 c6 15. Be4
Nxe4 16. Bxa7 Rxa7 17. Rxe4 f5 18. Re3 b6 19. Nc3 Qe6 20. Qd3 c5 21. Nd5 Bb7 22.
Rd1 Bc6 23. b3 Kh8 24. Ree1 f4 25. Re4 Rb7 26. Rde1 b5 27. h4 Rf5 28. Qd2 Rb8
29. Qd1 Rbf8 30. h5 Ne7 31. Nh4 Nxd5 32. Ng6+ Kh7 33. cxd5 Bxd5 34. Qd3 Bxe4 35.
Qxe4 Kg8 36. Rd1 Re8 37. Qf3 Rxe5 38. Nxe5 Qxe5 39. Rxd7 Qf6 40. Qg4 Re5 41. Rc7
Kh7 42. Qh3 Rd5 43. Kh2 Qe5 44. Rc6 f3+ 45. g3 Qe2 46. Qe6 Rxh5+ 0-1

[Event "World Rapid 2023"]
[Site "Samarkand UZB"]
[Date "2023.12.28"]
[EventDate "2023.12.26"]
[Round "13.26"]
[Result "1/2-1/2"]
[White "Vahap Sanal"]
[Black "Sabino Brunello"]
[WhiteElo "2595"]
[BlackElo "2500"]
[PlyCount "134"]

1. e4 e5 2. Nf3 Nf6 3. d4 Nxe4 4. Bd3 d5 5. Nxe5 Nd7 6. Nc3 Nxe5 7. dxe5 Nxc3 8.
bxc3 Bc5 9. Qh5 Be6 10. Rb1 Qc8 11. O-O c6 12. Qg5 Kf8 13. Kh1 b5 14. f4 Be7 15.
Qg3 Bf5 16. Be3 h5 17. Qf2 a6 18. Bc5 Bxc5 19. Qxc5+ Kg8 20. Bxf5 Qxf5 21. Qxc6
Kh7 22. Qxd5 Rad8 23. Qf3 Rd2 24. Rf2 Rhd8 25. Rbf1 g6 26. h3 Rxc2 27. Rxc2 Qxc2
28. f5 Qxf5 29. Qxf5 gxf5 30. Rxf5 Kg7 31. Rxh5 Rd2 32. Rg5+ Kf8 33. Rf5 Kg7 34.
a4 bxa4 35. Rf6 a3 36. Rxa6 a2 37. Kh2 Rc2 38. h4 Kh7 39. h5 Kg7 40. Kg3 Rxc3+
41. Kf4 Rc2 42. g4 Rf2+ 43. Ke3 Rg2 44. Kf3 Rh2 45. Ra7 Kh6 46. Kg3 Re2 47. Kf4
Rf2+ 48. Ke3 Rh2 49. Ra5 Rg2 50. Kf3 Rh2 51. Ra6+ Kg5 52. Ra5 Kh6 53. Kg3 Re2
54. Kf4 Rf2+ 55. Ke4 Rg2 56. Kf3 Rh2 57. Kg3 Re2 58. Kh3 Rb2 59. Kg3 Re2 60.
Ra6+ Kg5 61. h6 Re3+ 62. Kf2 Rh3 63. Ra5 Kxg4 64. Kg2 Rxh6 65. Rxa2 Kf5 66. Ra7
Kxe5 67. Rxf7 1/2-1/2

[Event "World Rapid 2023"]
[Site "Samarkand UZB"]
[Date "2023.12.28"]
[EventDate "2023.12.26"]
[Round "13.27"]
[Result "1-0"]
[White "Dmitry Bocharov"]
[Black "Kirill Shevchenko"]
[WhiteElo "2518"]
[BlackElo "2651"]
[PlyCount "98"]

1. c4 Nf6 2. g3 g6 3. Bg2 Bg7 4. Nc3 O-O 5. d4 d6 6. Nf3 Nbd7 7. O-O e5 8. e4
exd4 9. Nxd4 Nc5 10. h3 Re8 11. Re1 h6 12. Kh2 a5 13. b3 c6 14. Rb1 Nh7 15. Be3
h5 16. Qd2 h4 17. g4 g5 18. Kh1 Be5 19. Rbd1 Qf6 20. Rf1 Ne6 21. Nce2 Nf4 22.
Bxf4 gxf4 23. Nf3 c5 24. Neg1 Ra6 25. Nxe5 dxe5 26. Nf3 Ng5 27. Qd5 Rc6 28. Rd2
Kg7 29. Nxg5 Qxg5 30. Rfd1 Qe7 31. Bf3 f6 32. Qd3 Be6 33. Kh2 Kh6 34. Qc3 Qc7
35. g5+ Kxg5 36. Bg4 Qf7 37. Rg1 Kh6 38. Bxe6 Rexe6 39. Rg4 Rcd6 40. Rxh4+ Kg7
41. Rd5 b6 42. Qf3 Kf8 43. Rh8+ Kg7 44. Rb8 Qg6 45. Qd1 Rxd5 46. cxd5 Rd6 47.
Qg4 f5 48. Qh4 Qf7 49. Qh8+ 1-0

[Event "World Rapid 2023"]
[Site "Samarkand UZB"]
[Date "2023.12.28"]
[EventDate "2023.12.26"]
[Round "13.28"]
[Result "0-1"]
[White "Sandipan Chanda"]
[Black "Denis Lazavik"]
[WhiteElo "2486"]
[BlackElo "2566"]
[PlyCount "52"]

1. d4 Nf6 2. c4 e6 3. Nc3 Bb4 4. e3 O-O 5. Bd2 d5 6. Nf3 b6 7. Rc1 Ba6 8. Qa4
Be7 9. cxd5 Bxf1 10. Kxf1 exd5 11. h4 c5 12. dxc5 bxc5 13. g4 Nbd7 14. g5 Nb6
15. Qc2 Nh5 16. Ne2 Qd7 17. Ne5 Qe6 18. f4 Bd6 19. Nf3 Nc4 20. Kf2 Rae8 21. f5
Qd7 22. Rcd1 Re4 23. f6 Rfe8 24. fxg7 Nxe3 25. Bxe3 Rxe3 26. Rd2 Qg4 0-1

[Event "World Rapid 2023"]
[Site "Samarkand UZB"]
[Date "2023.12.28"]
[EventDate "2023.12.26"]
[Round "13.30"]
[Result "1/2-1/2"]
[White "Alexandr Predke"]
[Black "Rudik Makarian"]
[WhiteElo "2689"]
[BlackElo "2530"]
[PlyCount "118"]

1. d4 Nf6 2. c4 e6 3. Nf3 d5 4. Nc3 dxc4 5. e4 b5 6. e5 Nfd7 7. Nxb5 Nb6 8. Nc3
Nc6 9. Be3 Bb7 10. Be2 Be7 11. Qb1 Nb4 12. O-O N4d5 13. Nxd5 Qxd5 14. Rc1 O-O
15. b3 cxb3 16. axb3 Qd7 17. Ba6 Bxa6 18. Rxa6 Nd5 19. Bd2 Qb5 20. Qa2 Rfb8 21.
Rxa7 Rxa7 22. Qxa7 Qxb3 23. Qa6 h6 24. h3 Qb5 25. Qa7 Qb6 26. Qa4 Qb5 27. Qc2
Qb2 28. Qxb2 Rxb2 29. Kf1 g5 30. Ke1 Kg7 31. Kd1 Kg6 32. Rc2 Rb1+ 33. Rc1 Rb3
34. Kc2 Ra3 35. Kb2 Ra6 36. Re1 Bb4 37. Bxb4 Nxb4 38. Rd1 Nd5 39. g4 Ra2+ 40.
Kxa2 Nc3+ 41. Kb3 Nxd1 42. Kc4 Nxf2 43. Ng1 h5 44. gxh5+ Kxh5 45. d5 exd5+ 46.
Kxd5 Nd3 47. Ke4 Nf4 48. Kf5 c5 49. h4 Ne6 50. hxg5 Nxg5 51. Ne2 c4 52. Nf4+ Kh4
53. Ng2+ Kh5 54. Nf4+ Kh6 55. Nd5 Nf3 56. Kf6 c3 57. Nxc3 Nxe5 58. Nb1 Kh5 59.
Kxe5 f5 1/2-1/2

[Event "World Rapid 2023"]
[Site "Samarkand UZB"]
[Date "2023.12.28"]
[EventDate "2023.12.26"]
[Round "13.31"]
[Result "1-0"]
[White "Mukhiddin Madaminov"]
[Black "Pavel Ponkratov"]
[WhiteElo "2494"]
[BlackElo "2608"]
[PlyCount "116"]

1. e4 e6 2. d4 d5 3. Nc3 Bb4 4. e5 c5 5. a3 Bxc3+ 6. bxc3 Nc6 7. Qg4 g6 8. h4
Qa5 9. Bd2 Qa4 10. Nf3 h6 11. Qf4 c4 12. Rc1 Bd7 13. Nh2 Qxa3 14. Ng4 O-O-O 15.
Qxf7 h5 16. Ne3 Rf8 17. Qxg6 Nge7 18. Qg5 b5 19. Rh3 b4 20. Nd1 b3 21. cxb3 Qxb3
22. Rf3 Nf5 23. Ne3 Rhg8 24. Rxf5 exf5 25. Qh6 Ne7 26. Qd6 f4 27. Nxd5 Nxd5 28.
Qxd5 Qb7 29. Qxb7+ Kxb7 30. Bxc4 Rg4 31. Rb1+ Kc7 32. d5 f3 33. d6+ Kc6 34. Bb5+
Kd5 35. g3 Bxb5 36. Rxb5+ Kc6 37. Ra5 Re4+ 38. Be3 Re8 39. Rc5+ Kd7 40. Rc7+ Ke6
41. Rxa7 Rxe5 42. Kd2 Rd5+ 43. Bd4 Kxd6 44. Kd3 Re2 45. Rh7 Kc6 46. Kc4 Rf5 47.
Kd3 Rd5 48. Rh6+ Kc7 49. Rf6 Re1 50. Rxf3 Rb5 51. Kc4 Reb1 52. Bc5 Ra5 53. Rf5
Ra4+ 54. Kd3 Kc6 55. Bd4 Rb5 56. Rxb5 Kxb5 57. Ke4 Kc6 58. Kf5 1-0

[Event "World Rapid 2023"]
[Site "Samarkand UZB"]
[Date "2023.12.28"]
[EventDate "2023.12.26"]
[Round "13.32"]
[Result "0-1"]
[White "Alan Pichot"]
[Black "Ediz Gurel"]
[WhiteElo "2651"]
[BlackElo "2560"]
[PlyCount "94"]

1. e4 e5 2. Nf3 Nf6 3. Nxe5 d6 4. Nf3 Nxe4 5. d4 d5 6. Bd3 Bd6 7. O-O O-O 8. c4
c6 9. Qc2 h6 10. Nc3 Nxc3 11. bxc3 Be6 12. c5 Bc7 13. Re1 Nd7 14. Bh7+ Kh8 15.
Bf5 Qf6 16. Bxe6 fxe6 17. Rb1 Rab8 18. c4 e5 19. cxd5 cxd5 20. dxe5 Nxe5 21. Rb3
Rbe8 22. Nxe5 Rxe5 23. Rxe5 Qxe5 24. g3 d4 25. Bb2 Qe1+ 26. Kg2 Be5 27. Ba3 Bf6
28. c6 Rc8 29. Rxb7 Qe6 30. Rb5 Qxc6+ 31. Qxc6 Rxc6 32. Rd5 Ra6 33. Bb4 Rxa2 34.
Kf3 Kh7 35. Rd7 a5 36. Ra7 a4 37. Rd7 Rb2 38. Bc5 a3 39. Ra7 a2 40. Ke4 Rxf2 41.
Bxd4 Bxd4 42. Kxd4 Rxh2 43. Ke4 Kg6 44. Kf4 Kf6 45. g4 Ke6 46. Ke4 Kd6 47. Kf5
Rg2 0-1

[Event "World Rapid 2023"]
[Site "Samarkand UZB"]
[Date "2023.12.28"]
[EventDate "2023.12.26"]
[Round "13.34"]
[Result "0-1"]
[White "Laurent Fressinet"]
[Black "Aydin Suleymanli"]
[WhiteElo "2637"]
[BlackElo "2609"]
[PlyCount "118"]

1. d4 Nf6 2. Nf3 g6 3. g3 Bg7 4. Bg2 O-O 5. O-O d6 6. Nc3 Nc6 7. d5 Nb4 8. Nd4
e5 9. dxe6 fxe6 10. a3 Nbd5 11. Nxd5 exd5 12. Nf3 c6 13. Be3 Bf5 14. Bd4 Qd7 15.
Nd2 Rae8 16. c4 dxc4 17. Nxc4 d5 18. Ne3 Bh3 19. Bxa7 Bxg2 20. Kxg2 Ne4 21. Bd4
Bh6 22. b4 Nxf2 23. Rxf2 Rxf2+ 24. Kxf2 Qf7+ 25. Kg1 Bxe3+ 26. Bxe3 Rxe3 27. Qd2
Qe6 28. Kf2 Re5 29. Rf1 Qg4 30. Ke1 Qe4 31. h4 Qb1+ 32. Qd1 Qe4 33. Qd2 h6 34.
Rf4 Qh1+ 35. Rf1 Qe4 36. Rf4 Qh1+ 37. Rf1 Qg2 38. Qd3 Kg7 39. Rf4 g5 40. Rf3 Re4
41. hxg5 hxg5 42. b5 Qg1+ 43. Rf1 Qc5 44. bxc6 Rc4 45. e3 bxc6 46. Rf5 Qe7 47.
Kf2 Re4 48. Rf3 Kg6 49. Qc3 Qe6 50. Kg2 g4 51. Rf4 Rxf4 52. exf4 Qe4+ 53. Kg1 d4
54. Qc4 Qe3+ 55. Kg2 Qf3+ 56. Kh2 Qf2+ 57. Kh1 Kf5 58. Qd3+ Kf6 59. a4 Qf3+ 0-1

[Event "World Rapid 2023"]
[Site "Samarkand UZB"]
[Date "2023.12.28"]
[EventDate "2023.12.26"]
[Round "13.36"]
[Result "0-1"]
[White "Liam Vrolijk"]
[Black "Tigran L Petrosian"]
[WhiteElo "2566"]
[BlackElo "2561"]
[PlyCount "48"]

1. d4 d6 2. e4 g6 3. Nf3 Bg7 4. Be3 Nf6 5. Nc3 c6 6. Qd2 b5 7. Bd3 O-O 8. Bh6
Bg4 9. Bxg7 Kxg7 10. O-O-O e5 11. Ne2 Nbd7 12. h3 Bxf3 13. gxf3 Qb6 14. dxe5
Nxe5 15. Ng3 Qc5 16. Kb1 Nxf3 17. Qf4 Nd4 18. Rhg1 Qe5 19. Qe3 Ne6 20. Ne2 a5
21. f4 Nd5 22. fxe5 Nxe3 23. Rde1 dxe5 24. b3 Nf4 0-1

[Event "World Rapid 2023"]
[Site "Samarkand UZB"]
[Date "2023.12.28"]
[EventDate "2023.12.26"]
[Round "13.37"]
[Result "1/2-1/2"]
[White "Anton Smirnov"]
[Black "Xiangyu Xu"]
[WhiteElo "2586"]
[BlackElo "2623"]
[PlyCount "54"]

1. e4 e6 2. d4 d5 3. Nc3 dxe4 4. Nxe4 Bd7 5. Nf3 Bc6 6. Bd3 Nd7 7. Qe2 Ngf6 8.
Nxf6+ Nxf6 9. c3 Bxf3 10. Qxf3 c6 11. O-O Be7 12. a4 O-O 13. Bd2 Qd5 14. Qe2 Qh5
15. Qxh5 Nxh5 16. Rfd1 Rfd8 17. Bc2 a5 18. g3 Nf6 19. Kg2 g6 20. h4 h5 21. Be1
Nd5 22. Bd3 Bf8 23. Be2 Bh6 24. Ra3 Bf8 25. Raa1 Bh6 26. Bf3 Rd7 27. Be2 1/2-1/2

[Event "World Rapid 2023"]
[Site "Samarkand UZB"]
[Date "2023.12.28"]
[EventDate "2023.12.26"]
[Round "13.39"]
[Result "0-1"]
[White "Jakub Kosakowski"]
[Black "Evgeniy Najer"]
[WhiteElo "2479"]
[BlackElo "2663"]
[PlyCount "96"]

1. e4 e5 2. Nf3 Nc6 3. Bb5 a6 4. Ba4 Nf6 5. O-O Be7 6. Re1 b5 7. Bb3 O-O 8. c3
d6 9. h3 Nb8 10. d4 Nbd7 11. Nbd2 Bb7 12. Bc2 Re8 13. Nf1 Bf8 14. Ng3 g6 15. Bd2
Nb6 16. Qc1 Nfd7 17. Bg5 Be7 18. b3 Bxg5 19. Nxg5 Qf6 20. Qd2 Qf4 21. Qxf4 exf4
22. Ne2 h6 23. Nf3 Bxe4 24. Bxe4 Rxe4 25. Nd2 Ree8 26. Nxf4 Nf6 27. Nd3 Kg7 28.
Kf1 a5 29. c4 bxc4 30. bxc4 d5 31. c5 Nc4 32. Nxc4 dxc4 33. Nb2 c3 34. Na4 c2
35. Rxe8 Rxe8 36. Rc1 Rd8 37. Rxc2 Rxd4 38. Nb2 Nd5 39. a3 Kf6 40. Ke2 Nf4+ 41.
Ke3 Ke5 42. g3 Ne6 43. Nc4+ Kd5 44. Nxa5 Re4+ 45. Kd3 Ra4 46. Nb7 Rxa3+ 47. Kd2
Kc6 48. Rb2 Ra7 0-1

[Event "World Rapid 2023"]
[Site "Samarkand UZB"]
[Date "2023.12.28"]
[EventDate "2023.12.26"]
[Round "13.40"]
[Result "0-1"]
[White "Sanan Sjugirov"]
[Black "V Pranav"]
[WhiteElo "2703"]
[BlackElo "2611"]
[PlyCount "100"]

1. Nf3 d5 2. e3 c6 3. b3 f6 4. d4 Nh6 5. Bb2 Bf5 6. Bd3 e6 7. O-O Bd6 8. c4 Bxd3
9. Qxd3 f5 10. Ba3 Bxa3 11. Nxa3 Nd7 12. b4 a6 13. Nb1 O-O 14. Nbd2 Nf7 15. a4
Qf6 16. cxd5 exd5 17. b5 axb5 18. axb5 Rxa1 19. Rxa1 c5 20. Qa3 c4 21. Nb1 Qe6
22. Nc3 Nf6 23. Qa7 Ne4 24. Ne2 Qd7 25. Qa5 g5 26. b6 Qd6 27. Ne1 Nd8 28. Nc2
Nc6 29. Qe1 Re8 30. Ng3 f4 31. Nxe4 Rxe4 32. Ra8+ Kg7 33. Qd1 Re7 34. h4 gxh4
35. Qh5 Qg6 36. Qxd5 Rf7 37. e4 h3 38. Ne1 c3 39. Qc5 f3 40. Qxc3 fxg2 41. d5+
Rf6 42. Qxh3 Qxe4 43. Qg3+ Rg6 44. Qc3+ Ne5 45. Nd3 Rg5 46. Re8 Qxd3 47. Re7+
Kf8 48. Qxd3 Nxd3 49. Re3 Rxd5 50. Kxg2 Rd6 0-1

[Event "World Rapid 2023"]
[Site "Samarkand UZB"]
[Date "2023.12.28"]
[EventDate "2023.12.26"]
[Round "13.41"]
[Result "1-0"]
[White "Bardiya Daneshvar"]
[Black "Andrey Gorovets"]
[WhiteElo "2591"]
[BlackElo "2481"]
[PlyCount "86"]

1. d4 f5 2. Bf4 Nf6 3. e3 d6 4. Nc3 Nc6 5. Nf3 g6 6. h4 Nh5 7. Bc4 e6 8. Bh2 Bg7
9. Ng5 Qe7 10. d5 Nd8 11. dxe6 Bxc3+ 12. bxc3 Nxe6 13. Rb1 Nxg5 14. hxg5 Qxg5
15. O-O Qe7 16. Qd4 Qg7 17. Qd2 Nf6 18. f3 g5 19. e4 f4 20. e5 dxe5 21. Rfe1 e4
22. Rb5 Bd7 23. Re5+ Kd8 24. Qd4 Re8 25. R5xe4 Rxe4 26. fxe4 c5 27. Qxc5 Rc8 28.
Qd4 Qe7 29. e5 Ng4 30. e6 Rc6 31. Bb3 Rd6 32. Qxa7 Bc8 33. Qa5+ b6 34. Qf5 Ne3
35. Qe5 Ng4 36. Qf5 Ne3 37. Rxe3 Rd1+ 38. Kf2 fxe3+ 39. Ke2 Rd2+ 40. Kxe3 Rxg2
41. Qd5+ Ke8 42. Qxg2 Bxe6 43. Qe4 Qd8 1-0

[Event "World Rapid 2023"]
[Site "Samarkand UZB"]
[Date "2023.12.28"]
[EventDate "2023.12.26"]
[Round "13.42"]
[Result "1-0"]
[White "Conrad Holt"]
[Black "Robert Ruck"]
[WhiteElo "2540"]
[BlackElo "2531"]
[PlyCount "54"]

1. d4 Nf6 2. c4 e6 3. Nc3 Bb4 4. Qc2 O-O 5. e4 d5 6. e5 Ne4 7. Bd3 c5 8. Nf3
cxd4 9. Nxd4 Nd7 10. Bf4 Qh4 11. g3 Qh5 12. cxd5 exd5 13. O-O Bxc3 14. bxc3 Nxe5
15. Be2 Ng4 16. Bxg4 Bxg4 17. f3 Bh3 18. fxe4 Bxf1 19. Rxf1 dxe4 20. Qxe4 Qc5
21. Qxb7 Qxc3 22. Nf5 Rad8 23. Qxa7 Ra8 24. Qf2 Rfe8 25. Be3 Qd3 26. Qb2 f6 27.
Qb7 1-0

[Event "World Rapid 2023"]
[Site "Samarkand UZB"]
[Date "2023.12.28"]
[EventDate "2023.12.26"]
[Round "13.43"]
[Result "1-0"]
[White "Cem Kaan Gokerkan"]
[Black "Igor Lysyj"]
[WhiteElo "2523"]
[BlackElo "2589"]
[PlyCount "48"]

1. e4 e5 2. Nf3 Nc6 3. Bc4 Bc5 4. c3 Nf6 5. d4 exd4 6. b4 Bb6 7. e5 d5 8. exf6
dxc4 9. Qe2+ Be6 10. b5 Na5 11. fxg7 Rg8 12. cxd4 Qd7 13. Ne5 Qd5 14. Nf3 O-O-O
15. Nc3 Qh5 16. Qe5 Qxe5+ 17. dxe5 Rxg7 18. Bg5 Rd3 19. Ne4 Bd5 20. Ng3 Rxf3 21.
Bf6 Rgxg3 22. hxg3 Rxf2 23. Rxh7 Rxg2 24. e6 1-0

[Event "World Rapid 2023"]
[Site "Samarkand UZB"]
[Date "2023.12.28"]
[EventDate "2023.12.26"]
[Round "13.44"]
[Result "0-1"]
[White "Savva Vetokhin"]
[Black "Jinshi Bai"]
[WhiteElo "2396"]
[BlackElo "2585"]
[PlyCount "152"]

1. d4 Nf6 2. c4 e6 3. Nf3 d5 4. Nc3 c5 5. cxd5 exd5 6. Bg5 Be6 7. e3 c4 8. Ne5
Be7 9. Be2 Nc6 10. O-O h6 11. Bxf6 Bxf6 12. Nxc6 bxc6 13. b3 c5 14. bxc4 cxd4
15. exd4 dxc4 16. Bxc4 Qxd4 17. Bxe6 fxe6 18. Qh5+ Ke7 19. Rac1 Rac8 20. Rfd1
Qe5 21. Qf3 Rhd8 22. Rxd8 Rxd8 23. Ne4 Qb2 24. Re1 Qxa2 25. Nc5 Rd5 26. Nd3 Qd2
27. Rd1 Qc2 28. Kf1 a5 29. Qe2 Qxe2+ 30. Kxe2 a4 31. Rb1 a3 32. Nb4 Rc5 33. Kd3
Bb2 34. Na2 g5 35. Re1 Rd5+ 36. Kc2 g4 37. Re4 h5 38. f3 gxf3 39. gxf3 Rg5 40.
Kb3 Kd6 41. Ra4 Rf5 42. f4 h4 43. Nc3 Ke7 44. h3 Bc1 45. Ne2 Bb2 46. Nc3 Bc1 47.
Ne2 Rb5+ 48. Kc4 Rb1 49. Nc3 Ra1 50. Kb3 Bb2 51. Ne4 Rf1 52. Ra7+ Ke8 53. Ra8+
Ke7 54. Ra7+ Ke8 55. Ra8+ Kd7 56. Ra7+ Kc6 57. Ng5 Rxf4 58. Ra6+ Kd7 59. Ra7+
Kd6 60. Ra6+ Ke5 61. Nxe6 Rf3+ 62. Ka2 Rxh3 63. Ng5 Rg3 64. Ra5+ Kf4 65. Ne6+
Kf3 66. Rf5+ Kg2 67. Nf4+ Kh2 68. Rh5 h3 69. Ne2 Rf3 70. Rh6 Rf2 71. Re6 Kg2 72.
Rg6+ Kh1 73. Ng3+ Kh2 74. Ne4 Rg2 75. Re6 Kg1 76. Nc5 Bd4+ 0-1

[Event "World Rapid 2023"]
[Site "Samarkand UZB"]
[Date "2023.12.28"]
[EventDate "2023.12.26"]
[Round "13.45"]
[Result "1-0"]
[White "Aryan Tari"]
[Black "Mukhammadali Abdurakhmonov"]
[WhiteElo "2623"]
[BlackElo "2409"]
[PlyCount "68"]

1. e4 c5 2. Nf3 d6 3. Bb5+ Nd7 4. O-O Nf6 5. Re1 a6 6. Bf1 g6 7. c3 Bg7 8. d4
O-O 9. e5 Ne8 10. Bg5 f6 11. exf6 Nexf6 12. Nbd2 cxd4 13. Nxd4 Ne5 14. Qb3+ Kh8
15. Ne6 Bxe6 16. Qxe6 Nc6 17. Nf3 Qb6 18. Rab1 Rae8 19. Bd3 Nd8 20. Qh3 Kg8 21.
Bc4+ Kh8 22. Re2 e5 23. Nh4 Nh5 24. g4 Qc6 25. Nxg6+ hxg6 26. gxh5 Qf3 27. Qxf3
Rxf3 28. Bxd8 Rxd8 29. hxg6 d5 30. Rd1 d4 31. cxd4 exd4 32. Re4 Bf6 33. Be6 Re8
34. Kg2 1-0

[Event "World Rapid 2023"]
[Site "Samarkand UZB"]
[Date "2023.12.28"]
[EventDate "2023.12.26"]
[Round "13.46"]
[Result "0-1"]
[White "Mikhail Kobalia"]
[Black "Aleksey Grebnev"]
[WhiteElo "2542"]
[BlackElo "2525"]
[PlyCount "116"]

1. e4 c5 2. Nf3 d6 3. Bb5+ Nd7 4. O-O a6 5. Bd3 Ngf6 6. Re1 b5 7. c4 bxc4 8.
Bxc4 Nb6 9. Bb3 e5 10. Nc3 Be7 11. d3 O-O 12. Bg5 Rb8 13. h3 Be6 14. Rc1 h6 15.
Bxf6 Bxf6 16. Bxe6 fxe6 17. Qe2 Qd7 18. Nd1 Be7 19. Ne3 Qa4 20. b3 Qb5 21. Nc4
Nc8 22. Nfd2 Na7 23. Qg4 Qd7 24. g3 Nc6 25. Qe2 Nd4 26. Qd1 Rf7 27. Rf1 Rbf8 28.
h4 Kh7 29. Qg4 Rf6 30. Rcd1 Rg6 31. Qh5 Qd8 32. Kh2 Rgf6 33. Kg2 R8f7 34. Ne3 g6
35. Qg4 h5 36. Qh3 Bf8 37. g4 Rf4 38. g5 Qa5 39. Nec4 Qxa2 40. Ra1 Rxf2+ 41. Kh1
Rxf1+ 42. Rxf1 Rf4 43. Rxf4 exf4 44. Qf1 e5 45. Qh3 Qa1+ 46. Nf1 Qe1 47. Nxd6
Qf2 48. Ne8 Nf3 49. Qg2 Qxh4+ 50. Nh2 Nxh2 51. Qxh2 Qxg5 52. Qh3 Kh6 53. Nc7 Qg4
54. Qf1 Bd6 55. Nd5 Qg3 56. Nb6 Be7 57. Nc4 Bf6 58. Nd6 h4 0-1

[Event "World Rapid 2023"]
[Site "Samarkand UZB"]
[Date "2023.12.28"]
[EventDate "2023.12.26"]
[Round "13.47"]
[Result "1-0"]
[White "Anton Demchenko"]
[Black "Mittal Aditya"]
[WhiteElo "2609"]
[BlackElo "2595"]
[PlyCount "86"]

1. e4 c5 2. Nf3 d6 3. d4 cxd4 4. Qxd4 Nf6 5. Bg5 Nc6 6. Bb5 Qa5+ 7. Nc3 Qxb5 8.
Nxb5 Nxd4 9. Nfxd4 Kd8 10. f3 Bd7 11. Nc3 Ne8 12. O-O-O h6 13. Bh4 g5 14. Bg3
Bg7 15. Nd5 e6 16. Ne3 Rc8 17. Rd2 Ke7 18. Rhd1 h5 19. h3 Bh6 20. Rd3 g4 21.
hxg4 hxg4 22. Kb1 Bxe3 23. Rxe3 e5 24. Ne2 gxf3 25. gxf3 Nf6 26. Be1 Rh1 27. b3
Be6 28. Red3 Rh2 29. Nc3 Rc6 30. Bd2 Nd7 31. Be3 a6 32. Kb2 b5 33. a3 Rg2 34.
R1d2 Rg3 35. f4 f5 36. Rh2 Nf6 37. fxe5 Nxe4 38. Nxe4 fxe4 39. exd6+ Kd7 40.
Rh7+ Kc8 41. d7+ Bxd7 42. Rh8+ Kc7 43. Bf4+ 1-0

[Event "World Rapid 2023"]
[Site "Samarkand UZB"]
[Date "2023.12.28"]
[EventDate "2023.12.26"]
[Round "13.48"]
[Result "0-1"]
[White "Maksim Tsaruk"]
[Black "Alexey Sarana"]
[WhiteElo "2460"]
[BlackElo "2688"]
[PlyCount "96"]

1. e4 c5 2. Nf3 d6 3. d4 cxd4 4. Nxd4 Nf6 5. Nc3 a6 6. g3 e5 7. Nb3 Be7 8. Bg2
O-O 9. O-O Be6 10. Re1 Nbd7 11. a4 Nb6 12. Nd2 Rc8 13. a5 Nc4 14. Nxc4 Rxc4 15.
Be3 Qc7 16. Bb6 Qc8 17. Qd3 Nd7 18. Be3 Qc7 19. Re2 Rc8 20. f4 Rb4 21. Nd5 Bxd5
22. Qxd5 Rxb2 23. Bh3 Nf6 24. Qd3 Re8 25. Bb6 Qc6 26. Rd1 h5 27. Bg2 Nd7 28. Be3
Rb5 29. Bf3 Rxa5 30. Bd2 Rb5 31. c4 Rc5 32. Be3 Rxc4 33. Bxh5 Nf6 34. Bf3 Rc8
35. f5 Rc3 36. Qb1 b5 37. h4 Bd8 38. Kg2 Bb6 39. Bxb6 Qxb6 40. Qb4 Ne8 41. g4 a5
42. Qb1 b4 43. g5 b3 44. Rdd2 a4 45. h5 a3 46. h6 Rc1 47. Qd3 R8c3 48. h7+ Kh8 0-1

[Event "World Rapid 2023"]
[Site "Samarkand UZB"]
[Date "2023.12.28"]
[EventDate "2023.12.26"]
[Round "13.49"]
[Result "0-1"]
[White "Levan Pantsulaia"]
[Black "AR Saleh Salem"]
[WhiteElo "2561"]
[BlackElo "2639"]
[PlyCount "62"]

1. Nf3 c5 2. c4 Nf6 3. g3 d5 4. cxd5 Nxd5 5. Bg2 Nc6 6. Nc3 g6 7. O-O Bg7 8. Qa4
Nc7 9. Ng5 Bd7 10. Qc4 e6 11. Nge4 b6 12. Nd6+ Kf8 13. Qf4 f5 14. Nb7 Qe7 15.
Qxc7 Be5 16. Nd6 Bxd6 17. Qb7 Rb8 18. Qa6 h5 19. a3 h4 20. e3 hxg3 21. hxg3 b5
22. a4 Rb6 23. axb5 Rxa6 24. Rxa6 Nb4 25. Rxa7 Qh7 26. Rd1 Nd3 27. b3 Bxg3 28.
fxg3 Qh2+ 29. Kf1 Qxg3 30. Ke2 Ne5 31. Rg1 Bxb5+ 0-1

[Event "World Rapid 2023"]
[Site "Samarkand UZB"]
[Date "2023.12.28"]
[EventDate "2023.12.26"]
[Round "13.50"]
[Result "1/2-1/2"]
[White "Arystanbek Urazayev"]
[Black "Baadur Jobava"]
[WhiteElo "2472"]
[BlackElo "2591"]
[PlyCount "30"]

1. e4 c5 2. Nf3 e6 3. d4 cxd4 4. Nxd4 Nf6 5. Bd3 Nc6 6. Nxc6 dxc6 7. O-O e5 8.
Nd2 Bc5 9. Nb3 Bb6 10. h3 Be6 11. Qe2 Qe7 12. Bc4 O-O 13. Bxe6 Qxe6 14. a4 a5
15. Bg5 1/2-1/2